01675cam a22003977a 4500003000500000005001700005008004100022010001000063011001000073035001000083040000900093090001000102100005100112245015200163260004000315300003300355502009000388590003700478590004100515590004100556590004100597590004200638650004400680650004000724650003200764650002000796650004200816650003800858901000700896942000900903949004200912949004700954999001701001952013201018952012701150CHAP20220817041422.0971013s1986 r 00010 d a13883 a14855 a18929 cCHAP aTesis00aGonzález Durán, Isidro José Luis.948862 0aEfecto residual de fertilizantesb: su influencia en las recomendaciones de fertilización para maíz de temporal en un suelo del Valle de Puebla aChapingo, Méx. :bEl autor,c1986 a171 h.b: apénd. ; gráfs aTesis (M.C. Esp. en Edafología) -- Colegio de Postgraduados. Centro de Edafología aALEPHb10c20130110lUCH01h1234 aBATCH-UPDb10c20130110lUCH01h1707 aBATCH-UPDb10c20130410lUCH01h1054 aBATCH-UPDb10c20130914lUCH01h1401 aCONVERSIONb10c20130109lUCH01h130914aFertilizantesxEfecto en maíz.94052714aFósforoxEfecto en maíz.94224314aMaízxRendimiento.97105114aMaízzPuebla.14aNitrógenoxEfecto en maíz.98144714aPotasioxEfecto en maíz.991104 aBK cFOLL bBCcTESd-44031eTS1h19075i18929si bBCcTESd-44032eTS2fc.2h19076i18929si c13883d13883 00102local4053708TESISaBCbBCcPA_TESISd2019-12-31fTESISl0oTesisp-44032r2019-12-31 00:00:00tc.2w2019-12-31yTESIS 00102local4051708TESISaBCbBCcPA_TESISd2019-12-31fTESISl0oTesisp-44031r2019-12-31 00:00:00w2019-12-31yTESIS